الكواكب السيارة في ترتيب الزيارة / al-Kawākib al-sayyārah fī tartīb al-ziyārah ‎ نشرة نقدية / nashrah naqdīyah‎

محفوظ في:

المؤلف الرئيسي: Ahmed Gomaa Abdelhamid

التنسيق: كتاب

اللغة: Undetermined

منشور في: Cairo Institut Francais d'archeologie Orientale du Caire 2024

سلاسل: Publications de l'Institut français d'archéologie orientale du Caire, 61

الموضوعات:

الوسوم: إضافة وسم

لا توجد وسوم, كن أول من يضع وسما على هذه التسجيلة!

رقم الطلب: PJ7601 .C2 v.61

LEADER 00908nam a22002057a 4500
005 20260202100908.0
008 020226t9999||||xx |||||||||| ||und||
020 |a 9782724710199 
050 1 4 |a PJ7601  |b .C2 v.61 
100 1 |a Ahmed Gomaa Abdelhamid 
245 1 0 |a الكواكب السيارة في ترتيب الزيارة / al-Kawākib al-sayyārah fī tartīb al-ziyārah ‎  |b  نشرة نقدية / nashrah naqdīyah‎  |c Ahmed Gomaa Abdelhamid 
264 1 |c 2024  |b  Institut Francais d'archeologie Orientale du Caire  |a Cairo 
300 |a 657  |b facsmilies   |c 29 
490 0 |a  Publications de l'Institut français d'archéologie orientale du Caire, 61 
650 4 |a Architecture islamique Le Caire (Égypte)  
650 4 |a Cairo (Egypt) Guidebooks  
650 4 |a Cairo (Egypt) Religious life and customs Early works to 1800  
650 4 |a Cimetières Égypte Le Caire Guides  
942 |2 lcc  |c BK 
999 |c 60722  |d 60722